Bunková stena a jej vzťah k Ca2+ iónom u húb z rodu Trichoderma

Saved in:
Bibliographic Details
Main Author: Jurkasová, Andrea (Author)
Other Authors: Šimkovič, Martin (Thesis advisor)
Format: Manuscript Book
Language:Slovak
Published: 2018
Subjects:
Online Access:http://is.stuba.sk/zp/portal_zp.pl?podrobnosti=136459
Tags: Add Tag
No Tags, Be the first to tag this record!

MARC

LEADER 00000ntm a22000003a 4500
001 stuzp69867
003 SK-STU
005 20180602211408.5
007 ta
008 150427s2015----xo-----f-mn---000-0-slo-d
040 |a STU  |b slo 
041 0 |a slo 
100 1 |a Jurkasová, Andrea  |u 043000  |4 aut  |U FCHPT Fakulta chemickej a potravinárskej technológie  |T FCHPT Ústav biochémie a mikrobiológie  |X 60037  |U C3000  |Y 101  |7 60037 
242 0 1 |a Cell wall and its relation to Ca2+ ions in filamentous fungi of Trichoderma genus  |y eng 
245 1 0 |a Bunková stena a jej vzťah k Ca2+ iónom u húb z rodu Trichoderma 
260 |c 2018 
650 4 |a vláknité huby  |2 slo 
650 4 |a Ca2+  |2 slo 
650 4 |a Trichoderma spp.  |2 slo 
650 4 |a bunková stena  |2 slo 
650 4 |a cell wall  |2 eng 
650 4 |a Ca2+  |2 eng 
650 4 |a moulds  |2 eng 
650 4 |a Trichoderma spp.  |2 eng 
700 1 |a Šimkovič, Martin  |u 043000  |k Z1  |4 ths  |U FCHPT Fakulta chemickej a potravinárskej technológie  |T FCHPT Ústav biochémie a mikrobiológie  |X 3961  |U C3000  |Y 101  |7 A000003961 
856 4 |u http://is.stuba.sk/zp/portal_zp.pl?podrobnosti=136459